| 000 | 01891nam a2200205 4500 | ||
|---|---|---|---|
| 999 |
_c14328 _d14328 |
||
| 008 | 190912b ||||| |||| 00| 0 eng d | ||
| 020 | _a978-1-107-48062-9 | ||
| 082 |
_22019 _aDC 401.23 _bSz12 |
||
| 100 |
_aSzabó, Zoltán Gendler _939524 |
||
| 245 |
_aPhilosophy of language / _cZoltán Gendler Szabó, Richmond H. Thomason |
||
| 260 |
_aCambridge, United Kingdom ; _bCambridge University Press, _c©2019. |
||
| 300 |
_axii, 327 pages : _billustrations ; _c26 cm |
||
| 440 |
_aCambridge textbooks in linguistics. _939525 |
||
| 500 | _aIncludes bibliographical references (pages 297-319) and indexes | ||
| 520 | _aThis unique textbook introduces linguists to key issues in the philosophy of language. Accessible to students who have taken only a single course in linguistics, yet sophisticated enough to be used at the graduate level, the book provides an overview of the central issues in philosophy of language, a key topic in educating the next generation of researchers in semantics and pragmatics. Thoroughly grounded in contemporary linguistic theory, the book focus on the core foundational and philosophical issues in semantics and pragmatics, richly illustrated with historical case studies to show how linguistic questions are related to philosophical problems in areas such as metaphysics, epistemology, and ethics. Students are introduced in Part I to the issues at the core of semantics, including compositionality, reference and intentionality. Part II looks at pragmatics: context, conversational update, implicature and speech acts; whilst Part III discusses foundational questions about meaning. The book will encourage future collaboration and development between philosophy of language and linguistics | ||
| 650 |
_aLanguage and languages -- Philosophy. _939526 |
||
| 700 |
_aThomason, Richmond H., author. _939527 |
||
| 365 |
_b3,200.00 _cPhp |
||
| 942 |
_2ddc _cDC |
||